000
00247nam a22001097a 4500
040
_c
SK
082
_a
364
100
_a
NA
245
_a
ទីផ្សារ បក្សី ជ្រូក និងគោ
260
_a
NA
_b
NA
_c
2007
942
_c
KB
999
_c
10360
_d
10360